Automatic forecasting using explanatory variables: a comparative study.

Skúma sa potenciál automatizovaných metód na zostavenie multivariantných prognostických modelov. Účinnosť sa hodnotí porovnaním s jednovariantnými modelmi. Účinnosť objasňujúcich premenných u multivariantných modelov je často obmedzená.

Salvato in:
Dettagli Bibliografici
Autore principale: Texter Geriner, P.
Altri autori: Ord, J.K
Natura: Capitolo di libro
Lingua:inglese
Soggetti:
Tags: Aggiungi Tag
Nessun Tag, puoi essere il primo ad aggiungerne!!

MARC

LEADER 00000naa a2200000 4500
001 r006174
005 20221130103355.3
041 0 |a eng 
044 |a NL 
245 1 0 |a Automatic forecasting using explanatory variables: a comparative study.  |c P. Texter Geriner, J.K. Ord 
520 |a Skúma sa potenciál automatizovaných metód na zostavenie multivariantných prognostických modelov. Účinnosť sa hodnotí porovnaním s jednovariantnými modelmi. Účinnosť objasňujúcich premenných u multivariantných modelov je často obmedzená. 
610 2 0 |a rady časové 
610 2 0 |a metódy prognostické 
610 2 0 |a modely prognostické 
610 2 0 |a automatizácia 
100 1 |a Texter Geriner, P. 
700 1 |a Ord, J.K.